Planning and the environment in the modern world.

Saved in:
Bibliographic Details
Other Authors: Kain, Roger, Cherry, Gordon E. (Gordon Emanuel), 1931-, Sutcliffe, Anthony, 1942-
Format: Book
Language:English
Published: London : Mansell, 1980-.
Series:Studies in history, planning and the environment
Subjects:
LEADER 01708cam a2200373 a 4500
001 c000047775
003 CARM
005 20081128121034.0
008 830301s1980 enka b 001 0 eng d
019 1 |a 2461863  |5 LACONCORD2021 
020 |a 0720109043 (vol.3) 
020 |a 0720109027 (v.1) 
035 |a (OCoLC)8133311  |5 LACONCORD2021 
040 |a VCAV  |b eng  |c VCAV  |d VCAV 
082 0 4 |a 711 .09  |2 19 
245 0 0 |a Planning and the environment in the modern world. 
260 |a London :  |b Mansell,  |c 1980-. 
300 |a 3v. :  |b ill. ;  |c 24cm. 
440 0 |a Studies in history, planning and the environment 
500 |a Includes index and bibliographical references. 
505 0 |a v.1. The rise of modern urban planning, 1800-1914/edited by Anthony Sutcliffe --v.2. Shaping an urban world: planning in the twentieth century/ edited by Gordon Cherry --v.3. Planning for conservation: an international perspective/ edited by Roger Kain. 
650 0 |a City planning  |x History. 
650 0 |a Regional planning  |x History. 
700 1 |a Kain, Roger. 
700 1 |a Cherry, Gordon E.  |q (Gordon Emanuel),  |d 1931- 
700 1 |a Sutcliffe, Anthony,  |d 1942- 
740 0 |a Rise of modern urban planning, 1800-1914. 
740 0 |a Shaping an urban world. 
740 0 |a Planning for conservation. 
852 8 |b CARM  |h A2:AE08D0  |i C00747  |p 0044788  |f BK 
852 8 |b CARM  |h A3:AD07A0  |i B11057  |p 0518830  |f BK 
999 f f |i 20f9372b-90c6-535b-b0cc-abe7443bcf7a  |s 026f4aaa-520e-5f53-a3e4-1600fb0ada75 
952 f f |p Can circulate  |a CAVAL  |b CAVAL  |c CAVAL  |d CARM 1 Store  |e C00747  |f A2:AE08D0  |h Other scheme  |i book  |j vol.2 held  |m 0044788 
952 f f |p Can circulate  |a CAVAL  |b CAVAL  |c CAVAL  |d CARM 1 Store  |e B11057  |f A3:AD07A0  |h Other scheme  |i book  |j v.3  |m 0518830